000
00328 a2200157 4500
001
47573
020
_a
9788579622540
040
_c
Anchieta - Aquarius
100
_a
Pirillo, MarĂlia
240
1
0
_a
Avoada
_l
por
245
1
0
_a
Avoada
300
_a
16p.
362
0
_a
2014
650
4
_a
Literatura infanto-juvenil
942
_c
BK
999
_c
47573
_d
47573